La obra pictórica completa de Frans Hals / (Record no. 180681)

MARC details
000 -LEADER
campo de control de longitud fija 00883nam a2200277 i 4500
001 - NÚMERO DE CONTROL
campo de control 180681
003 - IDENTIFICADOR DE NÚMERO DE CONTROL
campo de control ES-MaACL
005 - FECHA Y HORA DE LA ÚLTIMA TRANSACCIÓN
campo de control 20230906221148.0
008 - DATOS DE LONGITUD FIJA--INFORMACIÓN GENERAL
campo de control de longitud fija 120621s1975 sp af |||| |bspa d
020 ## - NÚMERO INTERNACIONAL ESTÁNDAR DEL LIBRO
Número Internacional Estándar del Libro 84-279-8752-8
080 ## - NÚMERO DE LA CLASIFICACIÓN DECIMAL UNIVERSAL
Número de la Clasificación Decimal Universal 75Hals, Frans
100 1# - ENTRADA PRINCIPAL--NOMBRE DE PERSONA
Nombre de persona Hals, Frans.
9 (RLIN) 150725
245 13 - MENCIÓN DEL TÍTULO
Título La obra pictórica completa de Frans Hals /
Mención de responsabilidad, etc. introducción de Claus Grimm ; biografía y estudios críticos de E.C. Montagni.
250 ## - MENCION DE EDICION
Mención de edición 1ª ed.
260 ## - PUBLICACIÓN, DISTRIBUCIÓN, ETC.
Lugar de publicación, distribución, etc. Barcelona :
Nombre del editor, distribuidor, etc. Noguer,
Fecha de publicación, distribución, etc. 1975 (
Fabricante Rizzoli)
300 ## - DESCRIPCIÓN FÍSICA
Extensión 124 p. :
Otras características físicas il. col. y n. ;
Dimensiones 32 cm.
490 1# - MENCIÓN DE SERIE
Mención de serie Clásicos del Arte ;
Designación de volumen o secuencia 46
500 ## - NOTA GENERAL
Nota general Índices.
504 ## - NOTA DE BIBLIOGRAFÍA, ETC.
Nota de bibliografía, etc. Bibliografía: p. 82.
600 14 - PUNTO DE ACCESO ADICIONAL DE MATERIA--NOMBRE DE PERSONA
Nombre de persona Hals, Frans.
9 (RLIN) 150725
700 1# - ENTRADA AGREGADA--NOMBRE PERSONAL
Nombre de persona Grimm, Claus.
9 (RLIN) 150726
700 1# - ENTRADA AGREGADA--NOMBRE PERSONAL
Nombre de persona Montagni, E. C.
9 (RLIN) 150727
830 0# - PUNTO DE ACCESO ADICIONAL DE SERIE-TÍTULO UNIFORME
Título uniforme Clásicos del Arte ;
Designación de volumen o secuencia 46
9 (RLIN) 191252
852 ## - LOCALIZACIÓN
Ubicación ES-MaACL
Número de control de estantería L-31081
Holdings
Estatus retirado Estado de pérdida Estado de daño No para préstamo Biblioteca de origen Biblioteca actual Ubicación en estantería Fecha de adquisición Fuente de adquisición Total de préstamos Signatura topográfica completa Código de barras Visto por última vez Precio de reemplazo Tipo de ítem Koha
        Biblioteca del Ateneo de Madrid Biblioteca del Ateneo de Madrid Depósito 2 21/06/2012     L-31081 1189857 23/02/2023 23/02/2023 Libro impreso